Taylor Swift - Chansons commençant par S - Statistiques

Statistiques générales
  • Ce quiz a été pris 642 fois
    511 depuis la dernière actualisation
  • Le résultat moyen est 15 sur 28
Statistiques - réponses
Réponse % Correct
So It Goes...
73%
Style
73%
Speak Now
71%
"Slut!"
70%
Shake It Off
67%
Say Don't Go
65%
Sparks Fly
63%
Superman
63%
Soon You'll Get Better
62%
Snow on The Beach
60%
Suburban Legends
60%
So Long, London
58%
seven
57%
Sweet Nothing
53%
Stay Stay Stay
52%
Sad Beautiful Tragic
49%
So High School
49%
State Of Grace
48%
Superstar
48%
Starlight
47%
The Story Of Us
44%
Should've Said No
42%
Sweeter Than Fiction
39%
The Smallest Man Who Ever Lived
39%
Safe and Sound
33%
Stay Beautiful
33%
Santa Baby
24%
Silent Night
24%
Aucun quiz correspondant
Distribution des résultats
% des personnes avec chaque résultat
Percentile par nombre de réponses
Votre historique - résultats
Vous n’avez pas pris ce quiz depuis la dernière actualisation